000 00767nam a2200241 i 4500
001 bg
100 1 _aKopaliński, Władysław
_d(1918-2007).
245 1 0 _aKoty w worku, czyli z dziejów pojęć i rzeczy /
_cWładysław Kopaliński.
260 _aWarszawa :
_bOficyna Wydawnicza Rytm,
_ccop. 2007.
300 _a421, [1] s. ;
_c25 cm.
490 1 _aSłowniki / "Rzeczpospolita" ;
_vT. 12
650 9 _aEtymologia
650 9 _aKultura materialna
_xhistoria
830 0 _aSłowniki - "Rzeczpospolita" ;
_vT. 12
020 _a9788360688861
040 _cBPK
041 0 _apol
044 _aPOL
080 _a930.85:394+81'373.6
942 _cKS
008 s pl f |000 0 pol
999 _c54523
_d54523